Formirovanije i ispol'zovanije potrebitel'skogo bjudžeta.

Minimálny spotrebiteľský rozpočet, ktorý charakterizuje životnú úroveň obyvateľstva na minimálnej úrovni. Metódy stanovovania minimálneho rozpočtu: štatistická, štruktúrna a normatívna. Miesto minimálneho spotrebiteľského rozpočtu (sociálneho minima) v práci centrálnych orgánov, v praxi ich plánovan...

Ausführliche Beschreibung

Gespeichert in:
Bibliographische Detailangaben
1. Verfasser: Berezkin, V.
Weitere Verfasser: Šilov, S.
Format: Buchkapitel
Sprache:Russisch
Schlagworte:
Tags: Tag hinzufügen
Keine Tags, Fügen Sie das erste Tag hinzu!

MARC

LEADER 00000naa a2200000 4500
001 r001097
005 20220819191634.8
041 0 |a rus 
044 |a [SU] 
245 1 0 |a Formirovanije i ispol'zovanije potrebitel'skogo bjudžeta.  |c V. Berezkin, S. Šilov 
520 |a Minimálny spotrebiteľský rozpočet, ktorý charakterizuje životnú úroveň obyvateľstva na minimálnej úrovni. Metódy stanovovania minimálneho rozpočtu: štatistická, štruktúrna a normatívna. Miesto minimálneho spotrebiteľského rozpočtu (sociálneho minima) v práci centrálnych orgánov, v praxi ich plánovania a tvorby rozpočtov. 
610 2 0 |a úroveň životná 
610 2 0 |a minimum existenčné 
610 2 0 |a spotrebitelia 
610 2 0 |a plánovanie hospodárske 
610 2 0 |a normy sociálne 
610 2 0 |a spotreba obyvateľstva 
100 1 |a Berezkin, V. 
700 1 |a Šilov, S.